000 00419nam a22001817a 4500
003 MPLRDC
005 20220104143657.0
008 210129b ||||| |||| 00| 0 eng d
020 _a957-811-996-8
082 _a177.2 ZKL
100 _a朱凯蕾
245 _aEASY谈效率
_c
250 _a初版
260 _a
_b水晶
_c2000
300 _b
650 _a应用心理学--成功法
942 _cBK
_o177.2 ZKL
999 _c42256
_d42246